Dede Korkut/ (Record no. 45488)
| 000 -BAŞLIK | |
|---|---|
| Sabit Uzunluktaki Kontrol Alanı | 01276nam a22003857a 4500 |
| 001 - KONTROL NUMARASI | |
| Control Dosyası | 0045519 |
| 003 - KONTROL NUMARASI KİMLİĞİ | |
| Kontrol Alanı | KOHA_MİRAKIL |
| 005 - EN SON İŞLEM TARİHİ ve ZAMANI | |
| Kontrol Alanı | 20260207003447.0 |
| 007 - FİZİKSEL TANIM SABİT ALAN - GENEL BİLGİ | |
| Sabit uzunluklu kontrol alanı | ta |
| 008 - SABİT UZUNLUKTAKİ VERİ ÖGELERİ - GENEL BİLGİ | |
| Sabit Alan | 140124b1977 tu |||gr||||#||||1|tur | |
| 040 ## - KATALOGLAMA KAYNAĞI | |
| Özgün Kataloglama Kurumu | TR-BiSEU |
| Kataloglama Dili | tur |
| Çeviri Kurumu | TR-BiSEU |
| Açıklama Kuralları | rda |
| 041 0# - DİL KODU | |
| Metin ya da ses kaydının dil kodu | tur |
| 044 ## - YAYINLAYAN/ÜRETEN KURULUŞUN ÜLKE KODU | |
| ISO country code | tu |
| 050 ## - SINIFLAMA ve YER NUMARASI | |
| Sınıflama Numarası | PL95.9 |
| Yer Numarası | .S47 1977 |
| 100 1# - KİŞİ ADI | |
| Yazar Adı (Kişi adı) | Sepetçioğlu, Mustafa Necati. |
| 245 1# - ESER ADI BİLDİRİMİ | |
| Başlık | Dede Korkut/ |
| Sorumluluk Bildirimi | Mustafa Necati Sepetçioğlu ; Mustafa Necati Sepetçioğlu. |
| 250 ## - BASIM BİLDİRİMİ | |
| Basım Bildirimi | 3. Basım |
| 264 #1 - ÜRERİM, YAYIN, DAĞITIM ve TELİF BİLDİRİMİ | |
| Yayın yeri | İstanbul : |
| Yayınlayan | Toker Yayınları |
| Yayın tarihi | 1977 |
| 300 ## - FİZİKSEL TANIMLAMA | |
| Sayfa, Cilt vb. | 214 sayfa ; |
| Boyutları | 19 cm. |
| 336 ## - İÇERİK TÜRÜ | |
| Content type term | metin |
| Content type code | txt |
| Source | rdacontent |
| 337 ## - MEDYA TÜRÜ | |
| Media type term | aracısız |
| Media type code | n |
| Source | rdamedia |
| 338 ## - TAŞIYICI TÜRÜ | |
| Carrier type term | cilt |
| Carrier type code | nc |
| Source | rdacarrier |
| 490 1# - DİZİ BİLDİRİMİ | |
| Dizi Bildirimi | Toker Genel dizi ; |
| Cilt Numarası | 42. |
| 490 1# - DİZİ BİLDİRİMİ | |
| Dizi Bildirimi | 100 Büyük Edip 100 Büyük Şair no ; |
| Cilt Numarası | 5 |
| 505 ## - İÇİNDEKİLER NOTU | |
| İçindekiler Notu | İçindekiler |
| 650 #0 - KONU BAŞLIĞI EK GİRİŞ - KONU TERİMİ | |
| Konusal terim veya coğrafi ad | Kitabi Dada Gorgud. |
| 9 (RLIN) | 6295 |
| 650 #0 - KONU BAŞLIĞI EK GİRİŞ - KONU TERİMİ | |
| Konusal terim veya coğrafi ad | Epic literature, Oghuz--History and criticism. |
| 9 (RLIN) | 10041 |
| 650 #0 - KONU BAŞLIĞI EK GİRİŞ - KONU TERİMİ | |
| Konusal terim veya coğrafi ad | Short stories, Turkish. |
| 9 (RLIN) | 9978 |
| 650 #0 - KONU BAŞLIĞI EK GİRİŞ - KONU TERİMİ | |
| Konusal terim veya coğrafi ad | Destan edebiyatı, Türk (Oğuzlar)--Tarih ve eleştiri. |
| 9 (RLIN) | 83875 |
| 650 #0 - KONU BAŞLIĞI EK GİRİŞ - KONU TERİMİ | |
| Konusal terim veya coğrafi ad | Dede Korkut. |
| 9 (RLIN) | 10039 |
| 650 #0 - KONU BAŞLIĞI EK GİRİŞ - KONU TERİMİ | |
| Konusal terim veya coğrafi ad | Türk öyküleri. |
| 9 (RLIN) | 38851 |
| 830 1# - SERİ EK GİRİŞİ - TEKBİÇİM ESER ADI | |
| Tekbiçim Başlık | Toker Genel dizi ; |
| Volume number/sequential designation | 42. |
| 9 (RLIN) | 83876 |
| 830 1# - SERİ EK GİRİŞİ - TEKBİÇİM ESER ADI | |
| Tekbiçim Başlık | 100 Büyük Edip 100 Büyük Şair no ; |
| Volume number/sequential designation | 5 |
| 9 (RLIN) | 83877 |
| 942 ## - EK GİRİŞ ÖGELERİ (KOHA) | |
| Source of classification or shelving scheme | Library of Congress Classification |
| Koha item type | Book |
| Materyal Türü | Kalıcı Konum | Mevcut Konum | Raf Yeri | Sınıflandırma Kaynağı | Edinim Bilgisi | Ana Konular | Alt Konular | Yer Numarası | Demirbaş Numarası | Fatura Tarihi | Geri Çekilme Durumu | Kayıp Durumu | Hasarlı Durumu | Kredi için değil | Kayıt Tarih | Toplam Ödünçverme | Son Görülme Tarihi | Son Kontrol Tarihi | Genel / Bağış Notu |
|---|---|---|---|---|---|---|---|---|---|---|---|---|---|---|---|---|---|---|---|
| Book | Prof. Dr. Azmi Özcan Kütüphanesi | Prof. Dr. Azmi Özcan Kütüphanesi | Birûni Salonu | Library of Congress Classification | Bağış | DİL VE EDEBİYAT | Doğu Asya, Afrika, Okyanusya Dilleri ve Edebiyatları | PL95.9 .S47 1977 | 0045519 | 02/02/2026 | 24/01/2014 | 3 | 05/12/2024 | 05/12/2024 | Genel Bağış |
